00461nam a2200181Ia 4500003000900000008004100009040001300050040001300063041000800076100001800084245010700102250001400209260001700223260000900240300001200249300001200261490000600273IT-RoPAU120407s9999 xx 000 0 und d aIT-RoPAU cIT-RoPAU aita aJulio Casares a"Diccionario ideologico de la lengua espanola. Desde la idea a la palabra; desde la palabra a la idea" aBarcelona aGustavo Gili c1954 a1124 p. c23,5 cm v1